000 00619nam a22002057a 4500
003 OSt
005 20240520154058.0
008 240520b |||||||| |||| 00| 0 eng d
020 _a9789966480941
040 _aAIU Library - Kenya
_cAIU Library - Kenya
_dAIU Library - Kenya
082 _2BS 325.N96
_b2000
245 _aEbaibo inzienukhu
260 _aNairobi, Kenya :
_bBible Society of Kenya,
_cc2000.
300 _avi, 1047, 344 p.;
500 _a[Africana].
630 _aBible. Lunyore.
_956199
650 _aLunyore language
_xTexts.
_956200
710 _aBible Society of Kenya
_955779
942 _2lcc
_cAFR(R)
999 _c67920
_d67894